000 00755nas a2200253 i 4500
001 239
003 ES-MaACL
005 20250217133704.0
007 t|
008 950801d19201950xxu | | 1 ||ng d
245 0 0 _aArchives of dermatology and syphilology.
260 _aChicago :
_bAmerican Medical Association,
_c1920-1950.
300 _a7 v. :
_bgrab. ;
_c27 cm.
310 _aMensual
362 1 _aVol. 1, nº. 1 (Jan. 1920) - v. 62, nº. 3 (Sept. 1950)
650 1 4 _aPatología.
_915884
650 0 4 _aDermatología.
_911784
650 0 4 _aSífilis.
_917092
700 1 _aFox, Howard,
_edir.
_9227406
710 2 _aAmerican Medical Association.
_91367
852 _aES-MaACL
_jHem-289
866 0 _o(1946f.ene.)1947-49.
999 _c239
_d239